00364nam a2200157Ia 45000010006000000050017000060080041000230410008000640820013000721000020000852450046001052600009001513000032001606500006001926540008001982310820260414150915.0260414t1996||||xx |||||||||||||| ||spa|| aESP a624bM27 aMaso, J.C.eAUT 0aInterfacial transition zone in concreteb c1996 axv, 179 páginas :c24 cm. a0 aCIC